ბათუმის შოთა რუსთაველის სახელმწიფო უნივერსიტეტის ბიბლიოთეკა

მწვავე მოშხამვათა გამოცნობა და მკურნალობა : (ბიბ.ჩანაწერი № 61988)

000 -ლიდერი
ფიქსირებული სიგრძის საკონტროლო ველი 01037nam a22002057a 4500
003 - საკონტროლო ნომრის იდენტიფიკატორი
საკონტროლო ველი Ge_BSU
005 - ბოლო ოპერაციის თარიღი და დრო
საკონტროლო ველი 20240619113212.0
008 - ფიქსირებული სიგრძის მონაცემთა ელემენტები - ზოგადი ინფორმაცია
ფიქსირებული სიგრძის საკონტროლო ველი 240619s1955 ge ||||| |||| 00| 0 geo d
041 ## - ენის კოდი
Language code of text/sound track or separate title geo
080 ## - უნივერსალური ათობითი კლასიფიკაციის ინდექსი
Universal Decimal Classification number 616-099(075.8) ა-45
100 ## - მთავარი ჩანაწერი - პიროვნების სახელი
Personal name ალადაშვილი, ა.
9 (RLIN) 14178
245 ## - ცნობა სათაურის შესახებ
Title მწვავე მოშხამვათა გამოცნობა და მკურნალობა :
Remainder of title დამხმ. სახელმძღვ. ექიმთა და სტუდენტთათვის /
Statement of responsibility, etc ა. ალადაშვილი, ვ. ალადაშვილი.
250 ## - გამოცემის ცნობა
Edition statement მე-2 შევს. და გადამუშ. გამოც.
264 ## - წარმოების, გამოცემის, დისტრიბუციის და სხვა ცნობები
გამოცემის, წარმოების, დისტრიბუციის... ადგილი თბ. :
გამოცემის, წარმოების, დისტრიბუციის... სახელწოდება საქმედგამი,
გამოცემის, წარმოების, დისტრიბუციის... თარიღი 1955.
300 ## - ფიზიკური აღწერა
Extent 124 გვ. ;
Other physical details 21 სმ.
653 ## - INDEX TERM--UNCONTROLLED
Uncontrolled term ექიმის ბიბლიოთეკა
653 ## - INDEX TERM--UNCONTROLLED
Uncontrolled term მწვავე მოწამვლა
700 ## - ADDED ENTRY--PERSONAL NAME
Personal name ალადაშვილი, ვ.
Relator term ავტორი
9 (RLIN) 7956
942 ## - ADDED ENTRY ELEMENTS (KOHA)
Source of classification or shelving scheme
Koha item type წიგნი
ეგზემპლარები
ჩამოწერის სტატუსი დაკარგული ეგზემპლარის სტატუსი კლასიფიკაციის წყარო ან თაროზე გაწყობის სქემა დაზიანების სტატუსი არ გაიცემა მუდმივი მდებარეობა (დაცვის ადგილი) ამჟამინდელი ადგილსამყოფელი თაროზე განთავსების ადგილი შეძენის თარიღი ღირებულება, შესყიდვის ნორმალური ფასი სრული შენახვის შიფრი შტრიხკოდი ბოლო ოპერაციის თარიღი ეგზემპლარის მიმდევრობითი ნომერი (კეტერი?) ფასის ძალაში შესვლის თარიღი ეგზემპლარის სახეობა საჯარო შენიშვნა
          ბათუმის შოთა რუსთაველის სახელმწიფო უნივერსიტეტის მთავარი ბიბლიოთეკა ბათუმის შოთა რუსთაველის სახელმწიფო უნივერსიტეტის მთავარი ბიბლიოთეკა წიგნსაცავი 2024-06-19 0.62 616-099(075.8) ა-45 68263 2024-06-19 68263 2024-06-19 წიგნი 0.62 თ.
          ბათუმის შოთა რუსთაველის სახელმწიფო უნივერსიტეტის მთავარი ბიბლიოთეკა ბათუმის შოთა რუსთაველის სახელმწიფო უნივერსიტეტის მთავარი ბიბლიოთეკა წიგნსაცავი 2024-06-24 0.00 616-099(075.8) ა-45 68329 2024-06-24 68329 2024-06-24 წიგნი 0,62თ.